00229nam a2200097Ia 4500008004100000100001400041245003000055260002200085942000700107999001700114190216s9999||||xx |||||||||||||| ||und|| aMenon C P 0aThanmathriya Spectroscopy bKerala Basha Inst cBK c38270d38270